The Nitra synagogue the roots of Jewry in Nitra

Bibliographic Details
Main Authors: Krajmerová, Mariana (Author), Potoková, Katarína (Author), Lörincová, A. (Author)
Other Authors: Veliká, Dagmar, 1950- (Photographer), Rujder, Karol (Photographer), Rafaj, Peter (Photographer), Michalík, Peter (Photographer)
Format: Book
Language:English
PhysicalDescription:16 nečíslovaných strán fotografie 20 cm
Published: Nitra City of Nitra 2017
ISBN:9788097266264 (brožované)
Subjects:

MARC

LEADER 00000nam a2200000 4500
001 vtls011786583
003 SK-MaSNL
005 20260301142924.0
008 251104s2017 xo o g 000 0deng
015 |a SNBE2018 
020 |a 9788097266264 (brožované)  |z 9788097266240 
035 |a urn:nbn:sk:snk-am00d968 
035 |a urn:nbn:sk:snk-am3htwa 
035 |a 42D23B0F-E772-40AE-B830-5EA7241D60AC 
040 |a SNK  |b slo  |c SNK  |e rda 
041 0 |a eng 
043 |a e-xo--- 
044 |a xo  |c SK 
072 7 |a 94(437.6)  |x Dejiny Slovenska  |2 konspekt 
080 |a 726.3  |2 2011 
080 |a 904(=411.16)  |2 2011 
080 |a 72:904  |2 2011 
080 |a (=411.16)  |2 2011 
080 |a 94(=411.16)  |2 2011 
080 |a (437.6)  |2 2011 
080 |a (036)  |2 2011 
100 1 |a Krajmerová, Mariana  |4 aut  |9 353751 
245 1 4 |a The Nitra synagogue  |b the roots of Jewry in Nitra  |c text: M. Krajmerová, K. Potoková, A. Lörincová ; photographs: Dagmar Veliká, Karol Rujder, Peter Rafaj, Peter Michalík 
246 3 4 |a The roots of Jewry in Nitra 
264 1 |a Nitra  |b City of Nitra  |c 2017 
300 |a 16 nečíslovaných strán  |b fotografie  |c 20 cm 
336 |a text  |b txt  |2 rdacontent 
336 |a statický obraz  |b sti  |2 rdacontent 
337 |a bez média  |b n  |2 rdamedia 
338 |a zväzok  |b nc  |2 rdacarrier 
366 |e 500 kusov 
500 |a Názov z obalu 
610 2 7 |a Synagóga (Nitra, Slovensko)  |2 SNKKA  |9 190864 
650 0 7 |a synagógy  |2 SNKPH  |9 3020 
650 0 7 |a židovské pamiatky  |2 SNKPH  |9 316094 
650 0 7 |a architektonické pamiatky  |2 SNKPH  |9 28990 
650 0 7 |a Židia  |2 SNKPH  |9 3760 
650 0 7 |a dejiny Židov  |2 SNKPH  |9 83301 
650 0 7 |a Synagogues  |2 SNKPHeng  |9 329506 
650 0 7 |a Jewish monuments  |2 SNKPHeng  |9 317612 
650 0 7 |a Architectural monuments  |2 SNKPHeng  |9 279148 
650 0 7 |a Jews  |2 SNKPHeng  |9 267345 
650 0 7 |a History of the Jews  |2 SNKPHeng  |9 267344 
651 7 |a Nitra (Slovensko)  |2 SNKPH  |9 15714 
651 7 |a Nitra (Slovakia)  |2 SNKPHeng  |9 265425 
655 7 |a informačné publikácie  |2 SNKPH  |9 70181 
655 7 |a Information publications  |2 SNKPHeng  |9 265188 
700 1 |a Potoková, Katarína  |4 aut  |9 416303 
700 1 |a Lörincová, A.  |4 aut  |9 499145 
700 |a Veliká, Dagmar,  |d 1950-  |4 pht  |9 120350 
700 1 |a Rujder, Karol  |4 pht  |9 499146 
700 1 |a Rafaj, Peter  |4 pht  |9 13651 
700 1 |a Michalík, Peter  |4 pht  |9 372728 
919 |a 978-80-972662-6-4 
958 |a ZD 
999 |c 771997  |d 773927 
952 |a SNK  |b SNK  |y PREZ  |7 0  |p 17A1337723  |o snkOSD 10172  |i snk2018/21532  |8 0  |0 0  |1 0  |4 0  |d 2018-10-22  |f 1  |l 0  |r 2026-02-24 00:38:13  |w 2026-02-24